• 首页
  • 本馆介绍
  • 公告通知
  • 最新文献
  • 馆藏检索
  • 电子资源
  • 读者导购
  • 参考咨询
  • 我的图书馆
  • 登录
  • 详细信息显示
  • 放入我的书架
  • 预约/预借图书
  • 作者相关作品
  • 分类相关作品
  • 丛书相关作品
  • 出版社相关作品

书目信息

  • 表格格式
  • 工作单格式
  • 卡片格式
题名:
太空神曲
    
 
作者: 卡赞采夫 , Казанцев 著 ;应天士 译
分册:  
出版信息: 北京   江苏科学技术出版社  1980
页数: 448页
开本: 19cm
丛书名:
单 册:
中图分类: I512.45 , I512.4
科图分类:
主题词: 科学幻想小说--苏联--现代 , 文学
电子资源:
ISBN:
000 00943nam0 2200313 45
001 0180007320
005 20040412142456.2
010    @dCNY1.04
091    @a10196.004
100    @a19950817d1980 em y0chiy0121 ea
101 1  @achi@crus
102    @aCN@b110000
105    @af z 000ay
106    @ar
200 10 @a太空神曲@Atai kong shen qu@e科学幻想小说@f(苏)阿.卡赞采夫(А.Казанцев)著@g应天士译
210    @a北京@c江苏科学技术出版社@d1980
215    @a448页@c插图@d19cm
300    @a书名原文:Сильнее времни
510 1  @aСильнее времни@zrus
606    @a科学幻想小说@y苏联@z现代
606 0  @a文学
690    @aI512.45@v3
690    @aI512.4
701  1 @a卡赞采夫@Aka zan cai fu@bА.@4著
701 A1 @aКазанцев@bА.@4著
702  0 @a应天士@Aying tian shi@4译
801  0 @aCN@b上海图书馆@c20040412
801  2 @aCN@bNLC@c20040412
905    @f2@b38642-643@f1@b38645@dI512.4@e360
    
    太空神曲:科学幻想小说/(苏)阿.卡赞采夫(А.Казанцев)著/应天士译.-北京:江苏科学技术出版社,1980
    448页:插图;19cm
    书名原文:Сильнее времни
    
    ISBN :CNY1.04
    
●
相关链接 在E读中查询图书 在五车中查询图书 在当当中查询图书 在豆瓣中查询图书


正题名:太空神曲     索取号:I512.4/360         预约/预借

序号 登录号 条形码 馆藏地/架位号 状态 备注
1 0038642   000650539   第二借阅区/ [索取号:I512.4/360] 在馆    
2 0038643   000650557   第二借阅区/ [索取号:I512.4/360] 在馆    
3 0038645   000650548   第二借阅区/ [索取号:I512.4/360] 在馆    
4 0038646   000650566   第一样本阅览室/ [索取号:I512.4/360] 在馆    
唐山师范学院图书馆 欢迎您!
大连网信软件有限公司© 版权所有